000 00453nam a2200145Ia 4500
008 230917s9999||||xx |||||||||||||| ||und||
040 _e73793
_aMAIN
041 _aEnglish
082 _a658.5 F199P
100 _aFalster, P, ed
245 0 _aProduction management systems: proceedings of the ifiptc-5 international workshop on automation of production planning &
260 _aAmsterdam
_bNorth-Holland
_c1981
300 _aviii, 219 p.
942 _cBK
999 _c224752
_d224752